000 00486nam a2200181 4500
001 VA64364
003 ES-SlBCS
005 20210601161244.0
008 140520s1997 xxu||||| |||| 00| 0 spa d
017 _aM. 1024-1997
041 _aspa
100 1 _aPrieto Ramiro, Rafael
_929668
245 1 0 _aEl júbilo de cada día
_b:Cuaresma y Pascua 1997
_cRafael Prieto Ramiro
260 _aMadrid :
_bCaritas
_c, 1997
300 _a325 p.;
_c21 cm
650 0 4 _aCuaresma
_9126228
942 _cBK
999 _c839580
_d839580